|
|
|
|
| LEADER |
00000cam a22000004a 4500 |
| 001 |
musev2_3989 |
| 003 |
MdBmJHUP |
| 005 |
20230905040507.0 |
| 006 |
m o d |
| 007 |
cr||||||||nn|n |
| 008 |
071120s2008 inu o 00 0 eng d |
| 010 |
|
|
|z 2007047359
|
| 020 |
|
|
|a 9780253000354
|
| 020 |
|
|
|z 0253000351
|
| 020 |
|
|
|z 9780253351647
|
| 035 |
|
|
|a (OCoLC)298668009
|
| 040 |
|
|
|a MdBmJHUP
|c MdBmJHUP
|
| 043 |
|
|
|a e-un---
|
| 050 |
0 |
4 |
|a HQ1236.5.U38
|b P45 2008
|
| 082 |
0 |
|
|a 303.48/409477
|2 22
|
| 100 |
1 |
|
|a Phillips, Sarah D.
|
| 245 |
1 |
0 |
|a Women's Social Activism in the New Ukraine :
|b Development and the Politics of Differentiation /
|c Sarah D. Phillips.
|
| 264 |
|
1 |
|a Bloomington :
|b Indiana University Press,
|c 2008.
|
| 264 |
|
3 |
|a Baltimore, Md. :
|b Project MUSE,
|c 2012
|
| 264 |
|
4 |
|c ©2008.
|
| 300 |
|
|
|a 1 online resource (232 pages):
|b ill., map ;
|
| 336 |
|
|
|a text
|b txt
|2 rdacontent
|
| 337 |
|
|
|a computer
|b c
|2 rdamedia
|
| 338 |
|
|
|a online resource
|b cr
|2 rdacarrier
|
| 504 |
|
|
|a Includes bibliographical references (p. [181]-195) and index.
|
| 505 |
0 |
|
|a Preface -- Acknowledgments -- Note on transliteration and translation -- Note on the purchasing power of the Ukrainian Hryvnia (UAH) -- Introduction : women, NGOs, and the politics of differentiation -- All aboard the "Titanic Ukraina" -- Ukrainian NGO-graphy -- Claims and class -- Movin' on up : social activism and upward mobility -- Conclusion : dyferentsiatsiia, democracy, and development -- Notes -- Bibliography -- Index.
|
| 588 |
|
|
|a Description based on print version record.
|
| 650 |
|
0 |
|a Non-governmental organizations
|z Ukraine.
|
| 650 |
|
0 |
|a Women social reformers
|z Ukraine.
|
| 651 |
|
0 |
|a Ukraine
|x Social conditions
|y 1991-
|
| 655 |
|
7 |
|a Electronic books.
|2 local
|
| 710 |
2 |
|
|a Project Muse.
|e distributor
|
| 830 |
|
0 |
|a Book collections on Project MUSE.
|
| 856 |
4 |
0 |
|z Texto completo
|u https://projectmuse.uam.elogim.com/book/3989/
|
| 945 |
|
|
|a Project MUSE - Custom Collection
|
| 945 |
|
|
|a Project MUSE - Archive Complete Foundation
|
| 945 |
|
|
|a Project MUSE - Archive Global Cultural Studies Foundation
|
| 945 |
|
|
|a Project MUSE - Archive Russian and East European Studies Foundation
|